000 01076nam a22002177a 4500
001 8847
003 FISKH
005 20251023101545.0
008 251023b cb ||||| |||| 00| 0 eng d
020 _a9780195887228
040 _aFISKH
_beng
_cFISKH
_dFISKH
082 _a813
100 _aTeo, Joyce
245 _aKinder thinkers K1 Enlgish :
_bABC term 3 /
_cAuthor : Joyce Teo ; Consultant : Linda Gan
250 _aThis edition published in 2008.
260 _aSingapore :
_bMarshall Cavendish,
_c2000
300 _a53 pages :
_bcolor illustrations ;
_c30 cm
520 _aKinder Thinkers K1 English is a preschool English learning series designed to help children aged 4 to 5 develop foundational language and literacy skills through fun, structured, and thematic lessons. The course introduces young learners to basic vocabulary, sentence building, phonics, listening and speaking skills, and simple reading comprehension. Lessons are taught through colorful illustrations, songs, rhymes, stories, and hands-on activities.
942 _2ddc
_cBK
_n0
999 _c8847
_d8847